Tiszatáj diákmelléklet 2017/159.

Elmentve itt :
Bibliográfiai részletek
Dokumentumtípus: Folyóirat
Megjelent: 2017
Sorozat:Tiszatáj 71 No. 159
Online Access:http://tiszataj.bibl.u-szeged.hu/25422
LEADER 00476nas a2200145 i 4500
001 tisza25422
005 20210318095713.0
008 210318s2017 hu o 0|| hun d
022 |a 0133-1167 
040 |a SZTE Tiszatáj Archívum  |b hun 
041 |a hun 
245 0 0 |a Tiszatáj diákmelléklet 2017/159.  |h [elektronikus dokumentum] 
260 |c 2017 
490 0 |a Tiszatáj  |v 71 No. 159 
856 4 0 |u http://tiszataj.bibl.u-szeged.hu/25422/1/tiszataj_diakmelleklet_2017_159.pdf  |z Dokumentum-elérés